Tiếng Anh 10 nâng cao

Sách tiếng Anh 10 (chương trình nâng cao) gồm 16 bài học và 4 bài ôn tập, được xây dựng theo chủ điểm (thematic); nghĩa là các chủ điểm giao tiếp được lấy làm cơ sở để lựa chọn nội dung ngữ liệu và các hoạt động học tập trong lớp....

Ful tanımlama

Kaydedildi:
Detaylı Bibliyografya
Yazar: Tứ Anh
Materyal Türü: Kitap
Dil:Undetermined
Baskı/Yayın Bilgisi: Hà Nội Giáo dục Việt Nam 2016
Konular:
Etiketler: Etiketle
Etiket eklenmemiş, İlk siz ekleyin!
Thư viện lưu trữ: Trung tâm Học liệu Trường Đại học Cần Thơ
LEADER 00998nam a2200217Ia 4500
001 CTU_217343
008 210402s9999 xx 000 0 und d
020 |c 15700 
082 |a 428.00712 
082 |b T550 
100 |a Tứ Anh 
245 0 |a Tiếng Anh 10 nâng cao 
245 0 |c Tứ Anh (Tổng chủ biên) 
260 |a Hà Nội 
260 |b Giáo dục Việt Nam 
260 |c 2016 
520 |a Sách tiếng Anh 10 (chương trình nâng cao) gồm 16 bài học và 4 bài ôn tập, được xây dựng theo chủ điểm (thematic); nghĩa là các chủ điểm giao tiếp được lấy làm cơ sở để lựa chọn nội dung ngữ liệu và các hoạt động học tập trong lớp. 
650 |a English language,Tiếng Anh 
650 |x Study and teaching (Secondary),Dạy và học (Trung học) 
904 |i Nhi,Hải 
980 |a Trung tâm Học liệu Trường Đại học Cần Thơ